000
00255 a2200085 4500
020
_a
9783966800150
100
_a
Mohsen Mostafavi, Kenneth Frampton and Martino Stierli
245
_a
Hutong Metabolism: ZAO/standard architecture
260
_b
ArchiTangle
_c
2021
999
_c
13315
_d
13315